[Event "SCCA Championship 2025"]
[Site "SchemingMind.com"]
[Date "2024.12.12"]
[Round "-"]
[White "TigerFeet"]
[Black "cnile"]
[Result "*"]
[WhiteCountry "ENG"]
[BlackCountry "SCO"]
[WhiteElo "2115"]
[WhiteRD "90"]
[BlackElo "1275"]
[BlackRD "59"]
[GameID "749548"]

1. d4 Nf6 2. Nf3 d6 3. c4 g6 4. Nc3 Bg7 5. e3 O-O 6. Be2 c5 7. O-O Na6 8. b3 e6 9. Bb2 cxd4 10. Nxd4 Bd7
11. Ndb5 Bxb5 12. Nxb5 d5 13. Ba3 Re8 14. Nd6 Re7 15. Rc1 Qb8 16. Nf5 Rd7 17. Nd4 Qe5 18. c5 Rc8 19. c6 bxc6 20. Bxa6 Rcc7
21. Nxc6
*

[Event "SCCA Championship 2025"]
[Site "SchemingMind.com"]
[Date "2024.12.13"]
[Round "-"]
[White "TigerFeet"]
[Black "SEO1957"]
[Result "*"]
[WhiteCountry "ENG"]
[BlackCountry "NOR"]
[WhiteElo "2115"]
[WhiteRD "90"]
[BlackElo "2069"]
[BlackRD "204"]
[GameID "749746"]

1. d4 Nf6 2. Nf3 e6 3. e3 b6 4. Bd3 Bb7 5. O-O Be7 6. Nbd2 d5 7. b3 O-O 8. Bb2 Nbd7 9. c4 c5 10. Rc1 Rc8
11. Qe2 Rc7 12. Rfd1 Qa8 13. Ne5 cxd4 14. Bxd4 dxc4 15. Rxc4 Rxc4 16. Bxc4 Nxe5 17. Bxe5 Nd7 18. Bb2 Bf6 19. Bxf6 Nxf6 20. f3 Rd8
21. Nb1 Rxd1+ 22. Qxd1
*

[Event "SCCA Championship 2025"]
[Site "SchemingMind.com"]
[Date "2024.12.18"]
[Round "-"]
[White "SEO1957"]
[Black "McCormickR"]
[Result "*"]
[WhiteCountry "NOR"]
[BlackCountry "ENG"]
[WhiteElo "2069"]
[WhiteRD "204"]
[BlackElo "1815"]
[BlackRD "100"]
[GameID "749747"]

1. e4 e5 2. Nf3 Nc6 3. Bc4 Bc5 4. c3 d5 5. exd5 e4 6. Qe2 Nge7 7. dxc6 exf3 8. Qxf3 Bf5 9. cxb7 Rb8 10. d4 Bd6
*

[Event "SCCA Championship 2025"]
[Site "SchemingMind.com"]
[Date "2024.12.18"]
[Round "-"]
[White "cnile"]
[Black "Allan Sedstrem"]
[Result "*"]
[WhiteCountry "SCO"]
[BlackCountry "SCO"]
[WhiteElo "1275"]
[WhiteRD "59"]
[BlackElo "1529"]
[BlackRD "63"]
[GameID "749748"]

1. e4 e5 2. Nf3 d6 3. Nc3 Nf6 4. d4 Bg4 5. Be2 Nbd7 6. h3 Bh5 7. Be3 Bxf3 8. Bxf3 Be7 9. dxe5 Nxe5 10. O-O O-O
*

[Event "SCCA Championship 2025"]
[Site "SchemingMind.com"]
[Date "2024.12.18"]
[Round "-"]
[White "Allan Sedstrem"]
[Black "McCormickR"]
[Result "*"]
[WhiteCountry "SCO"]
[BlackCountry "ENG"]
[WhiteElo "1529"]
[WhiteRD "63"]
[BlackElo "1815"]
[BlackRD "100"]
[GameID "749750"]

1. d4 d5 2. c4 e6 3. e3 Nf6 4. Nf3 c6 5. Bd3 dxc4 6. Bxc4 b5 7. Bb3 Nbd7 8. O-O Bb7 9. Nbd2 c5 10. Qe2 a6
11. dxc5 Nxc5 12. Rd1 Qc7 13. Bc2 Bd6 14. a3 O-O 15. b4 Ncd7 16. Nf1 Ne5 17. e4 Rac8 18. Bb3 Nxe4 19. Bb2
*

[Event "SCCA Championship 2025"]
[Site "SchemingMind.com"]
[Date "2024.12.13"]
[Round "-"]
[White "Allan Sedstrem"]
[Black "TigerFeet"]
[Result "*"]
[WhiteCountry "SCO"]
[BlackCountry "ENG"]
[WhiteElo "1529"]
[WhiteRD "63"]
[BlackElo "2115"]
[BlackRD "90"]
[GameID "749751"]

1. d4 Nf6 2. c4 c5 3. e3 cxd4 4. exd4 g6 5. Bd3 Bg7 6. Be3 O-O 7. Nf3 d5 8. Ng5 e5 9. dxe5 Ng4 10. Nf3 Nc6
11. cxd5 Ncxe5 12. Nc3 Nxe3 13. fxe3 Bg4 14. Be2 Bxf3 15. Bxf3 Qh4+ 16. g3 Qb4 17. e4 Nxf3+ 18. Qxf3 Qxb2 19. O-O Qxc3 20. Qxc3 Bxc3
21. Rac1 Be5 22. Rfd1 Rfd8 23. Rd3 Rac8 24. Rcd1 Rd6 25. Rb1 Rc3 26. Rxc3 Bxc3 27. Rxb7 Bd4+ 28. Kg2 Ra6 29. Kf3 Be5 30. Re7 f6
31. Ke3 Ra3+ 32. Kf2 Rxa2+ 33. Kg1 Re2 34. Re6 Rxe4 35. d6 Rd4 36. Re8+ Kf7 37. Rd8 Rxd6
*

[Event "SCCA Championship 2025"]
[Site "SchemingMind.com"]
[Date "2024.12.14"]
[Round "-"]
[White "SEO1957"]
[Black "P Pickering"]
[Result "*"]
[WhiteCountry "NOR"]
[BlackCountry "ENG"]
[WhiteElo "2069"]
[WhiteRD "204"]
[BlackElo "1844"]
[BlackRD "114"]
[GameID "749759"]

1. e4 e5 2. Nf3 Nc6 3. Bc4 Nf6 4. d3 Bc5 5. c3 d6 6. O-O O-O 7. Nbd2 a5 8. h3 Ba7 9. Re1 Be6 10. a4 h6
11. Bb3 Qd7 12. Nf1
*

[Event "SCCA Championship 2025"]
[Site "SchemingMind.com"]
[Date "2024.12.18"]
[Round "-"]
[White "P Pickering"]
[Black "McCormickR"]
[Result "*"]
[WhiteCountry "ENG"]
[BlackCountry "ENG"]
[WhiteElo "1844"]
[WhiteRD "114"]
[BlackElo "1815"]
[BlackRD "100"]
[GameID "749760"]

1. e4 e5 2. f4 exf4 3. Nf3 d6 4. Bc4 Bg4 5. O-O Nc6 6. c3 Ne5 7. Be2 Nxf3+ 8. Bxf3 Be6 9. d4 g5 10. d5 Bd7
*

[Event "SCCA Championship 2025"]
[Site "SchemingMind.com"]
[Date "2024.12.14"]
[Round "-"]
[White "Allan Sedstrem"]
[Black "P Pickering"]
[Result "*"]
[WhiteCountry "SCO"]
[BlackCountry "ENG"]
[WhiteElo "1529"]
[WhiteRD "63"]
[BlackElo "1844"]
[BlackRD "114"]
[GameID "749762"]

1. d4 Nf6 2. c4 e5 3. dxe5 Ng4 4. Nf3 Bc5 5. e3 Nc6 6. h3 Ngxe5 7. Nxe5 Nxe5 8. b3 O-O 9. Bb2 d6 10. Bxe5 dxe5
11. Qxd8 Rxd8 12. Nc3 Bb4 13. Rc1 Bf5 14. Be2
*

[Event "SCCA Championship 2025"]
[Site "SchemingMind.com"]
[Date "2024.12.14"]
[Round "-"]
[White "Geoffrey Rosser"]
[Black "SEO1957"]
[Result "*"]
[WhiteCountry "ENG"]
[BlackCountry "NOR"]
[WhiteElo "1928"]
[WhiteRD "63"]
[BlackElo "2069"]
[BlackRD "204"]
[GameID "749765"]

1. e4 e5 2. Nf3 Nc6 3. d4 exd4 4. Nxd4 Bc5 5. Nb3 Bb6 6. a4 a6 7. Nc3 Nf6 8. Bg5 d6 9. Qe2 Nd4 10. Nxd4 Bxd4
11. O-O-O c5 12. Nd5 h6 13. Bh4 Bg4 14. Nxf6+ Bxf6 15. Qxg4 Bxh4 16. Qxg7 Bg5+ 17. Kb1 Bf6 18. Qg3 Qb6 19. Qa3
*

[Event "SCCA Championship 2025"]
[Site "SchemingMind.com"]
[Date "2024.12.18"]
[Round "-"]
[White "McCormickR"]
[Black "Geoffrey Rosser"]
[Result "*"]
[WhiteCountry "ENG"]
[BlackCountry "ENG"]
[WhiteElo "1815"]
[WhiteRD "100"]
[BlackElo "1928"]
[BlackRD "63"]
[GameID "749766"]

1. e4 e5 2. Nf3 Nc6 3. Bb5 Nf6 4. d3 Bc5 5. O-O Nd4 6. Bc4 Nxf3+ 7. Qxf3 O-O 8. Bg5 Be7 9. Bxf6 Bxf6 10. Nc3 c6
11. Rfd1 a5 12. a3 b5 13. Ba2 d6 14. Ne2 Be6 15. d4 Bxa2 16. Rxa2 exd4 17. Nxd4 Qd7 18. Nf5 Qe6
*

[Event "SCCA Championship 2025"]
[Site "SchemingMind.com"]
[Date "2024.12.18"]
[Round "-"]
[White "cnile"]
[Black "Geoffrey Rosser"]
[Result "*"]
[WhiteCountry "SCO"]
[BlackCountry "ENG"]
[WhiteElo "1275"]
[WhiteRD "59"]
[BlackElo "1928"]
[BlackRD "63"]
[GameID "749768"]

1. e4 e5 2. Nf3 Nc6 3. Bb5 Nf6 4. d3 Bc5 5. h3 Nd4 6. Nxd4 Bxd4 7. c3 Bb6 8. Bg5 O-O 9. O-O c6 10. Bc4 Bc5
11. Nd2 Be7 12. Re1 d5
*

[Event "SCCA Championship 2025"]
[Site "SchemingMind.com"]
[Date "2024.12.13"]
[Round "-"]
[White "Geoffrey Rosser"]
[Black "Allan Sedstrem"]
[Result "*"]
[WhiteCountry "ENG"]
[BlackCountry "SCO"]
[WhiteElo "1928"]
[WhiteRD "63"]
[BlackElo "1529"]
[BlackRD "63"]
[GameID "749770"]

1. e4 e5 2. Nf3 d6 3. d4 Nf6 4. dxe5 Nxe4 5. Qd5 Nc5 6. Bg5 Be7 7. exd6 cxd6 8. Bb5+ Nbd7 9. O-O O-O 10. Nc3 Nb6
11. Bxe7 Qxe7 12. Qd2 Bg4 13. Rae1 Qc7 14. Nd4 a6 15. Be2 Bd7 16. b3 Ne6 17. Nf5 Nc8 18. Nd5 Qc5 19. b4 Qa7 20. Nde7+ Kh8
21. Nxc8 Raxc8 22. Nxd6 Rcd8 23. Bc4 Qb6 24. Nf5
*

[Event "SCCA Championship 2025"]
[Site "SchemingMind.com"]
[Date "2024.12.15"]
[Round "-"]
[White "Russell Sherwood"]
[Black "P Pickering"]
[Result "*"]
[WhiteCountry "WLS"]
[BlackCountry "ENG"]
[WhiteElo "2464"]
[WhiteRD "98"]
[BlackElo "1844"]
[BlackRD "114"]
[GameID "749804"]

1. e4 e5 2. Nf3 Nc6 3. Bc4 Bc5 4. c3 Nf6 5. d3 d6 6. O-O O-O 7. Re1 h6 8. Nbd2 a6 9. Nf1 Re8 10. Ng3 Ba7
11. a4 Be6 12. Bxe6 Rxe6 13. b4
*

[Event "SCCA Championship 2025"]
[Site "SchemingMind.com"]
[Date "2024.12.15"]
[Round "-"]
[White "Russell Sherwood"]
[Black "Geoffrey Rosser"]
[Result "*"]
[WhiteCountry "WLS"]
[BlackCountry "ENG"]
[WhiteElo "2464"]
[WhiteRD "98"]
[BlackElo "1928"]
[BlackRD "63"]
[GameID "749805"]

1. e4 e5 2. Nf3 Nc6 3. Bc4 Nf6 4. d3 Be7 5. O-O O-O 6. Re1 d6 7. a4 h6 8. a5 a6 9. c3 Nh7 10. Nbd2 Ng5
11. d4 Nxe4 12. Nxe4 d5 13. Ng3 dxc4 14. d5 Na7 15. Nxe5 Bf6 16. Nxc4 b5 17. axb6 cxb6 18. Nh5 Nb5
*

[Event "SCCA Championship 2025"]
[Site "SchemingMind.com"]
[Date "2024.12.19"]
[Round "-"]
[White "McCormickR"]
[Black "Russell Sherwood"]
[Result "*"]
[WhiteCountry "ENG"]
[BlackCountry "WLS"]
[WhiteElo "1815"]
[WhiteRD "100"]
[BlackElo "2464"]
[BlackRD "98"]
[GameID "749808"]

1. e4 c5 2. Nf3 d6 3. d4 cxd4 4. Nxd4 Nf6 5. Nc3 a6 6. Bg5 e6 7. Bd3 Be7 8. Bxf6 Bxf6 9. Nf3 Qc7 10. Qd2 Nd7
11. O-O-O b5 12. a3
*

[Event "SCCA Championship 2025"]
[Site "SchemingMind.com"]
[Date "2024.12.15"]
[Round "-"]
[White "TigerFeet"]
[Black "Russell Sherwood"]
[Result "*"]
[WhiteCountry "ENG"]
[BlackCountry "WLS"]
[WhiteElo "2115"]
[WhiteRD "90"]
[BlackElo "2464"]
[BlackRD "98"]
[GameID "749809"]

1. d4 Nf6 2. Nf3 d5 3. e3 c5 4. dxc5 e6 5. a3 Bxc5 6. b4 Bd6 7. Bb2 a5 8. c3 O-O 9. Nbd2 axb4 10. cxb4 Nc6
11. Rc1 Qe7 12. Bb5 e5 13. O-O e4 14. Bxc6 bxc6 15. Nd4 Ng4 16. g3 Qf6 17. Rxc6 Bd7 18. Rc1 Qh6 19. h4 Rae8 20. Qe2 f5
21. b5 f4 22. gxf4
*

[Event "SCCA Championship 2025"]
[Site "SchemingMind.com"]
[Date "2024.12.14"]
[Round "-"]
[White "Russell Sherwood"]
[Black "Allan Sedstrem"]
[Result "*"]
[WhiteCountry "WLS"]
[BlackCountry "SCO"]
[WhiteElo "2464"]
[WhiteRD "98"]
[BlackElo "1529"]
[BlackRD "63"]
[GameID "749810"]

1. e4 e5 2. Nf3 Nc6 3. Bc4 h6 4. d4 exd4 5. O-O Bc5 6. c3 d6 7. cxd4 Bb6 8. Nc3 Nf6 9. Re1 O-O 10. h3 Na5
11. Bd3 Re8
*

[Event "SCCA Championship 2025"]
[Site "SchemingMind.com"]
[Date "2024.12.20"]
[Round "-"]
[White "mattkirk78"]
[Black "cnile"]
[Result "*"]
[WhiteCountry "ENG"]
[BlackCountry "SCO"]
[WhiteElo "2206"]
[WhiteRD "98"]
[BlackElo "1275"]
[BlackRD "59"]
[GameID "749835"]

1. e4 e6 2. d4 d5 3. Nc3 Bb4 4. e5 c5 5. a3 Bxc3+ 6. bxc3 Ne7 7. Qg4 Qc7 8. Qxg7 Rg8 9. Qxh7 cxd4 10. Ne2 Nbc6
11. f4 Bd7 12. Qd3 Nf5
*

[Event "SCCA Championship 2025"]
[Site "SchemingMind.com"]
[Date "2024.12.20"]
[Round "-"]
[White "P Pickering"]
[Black "mattkirk78"]
[Result "*"]
[WhiteCountry "ENG"]
[BlackCountry "ENG"]
[WhiteElo "1844"]
[WhiteRD "114"]
[BlackElo "2206"]
[BlackRD "98"]
[GameID "749836"]

1. e4 e5 2. f4 exf4 3. Nf3 d5 4. exd5 Nf6 5. Bc4 Nxd5 6. O-O Be6 7. Bb3 Be7 8. c4 Nb6 9. d4 Nxc4 10. Bxf4 Nb6
11. Bxe6 fxe6 12. Qe2 Nc6 13. Nc3 Nxd4
*

[Event "SCCA Championship 2025"]
[Site "SchemingMind.com"]
[Date "2024.12.20"]
[Round "-"]
[White "mattkirk78"]
[Black "SEO1957"]
[Result "*"]
[WhiteCountry "ENG"]
[BlackCountry "NOR"]
[WhiteElo "2206"]
[WhiteRD "98"]
[BlackElo "2069"]
[BlackRD "204"]
[GameID "749837"]

1. e4 e5 2. Nf3 Nc6 3. Bb5 Nf6 4. O-O Nxe4 5. d4 Nd6 6. Bxc6 dxc6 7. dxe5 Nf5 8. Qxd8+ Kxd8 9. Nc3 Ke8 10. Rd1 h6
11. h3 Ne7 12. Ne4 Be6 13. Nd4 Bd5
*

[Event "SCCA Championship 2025"]
[Site "SchemingMind.com"]
[Date "2024.12.20"]
[Round "-"]
[White "mattkirk78"]
[Black "Russell Sherwood"]
[Result "*"]
[WhiteCountry "ENG"]
[BlackCountry "WLS"]
[WhiteElo "2206"]
[WhiteRD "98"]
[BlackElo "2464"]
[BlackRD "98"]
[GameID "749838"]

1. e4 c5 2. Ne2 Nc6 3. c4 Nf6 4. d4 cxd4 5. Nxd4 Nxe4 6. Nxc6 dxc6 7. Qxd8+ Kxd8 8. Nd2 Nc5 9. Nb3 e5 10. Be3 Nxb3
11. axb3 Bb4+ 12. Bd2
*

[Event "SCCA Championship 2025"]
[Site "SchemingMind.com"]
[Date "2024.12.20"]
[Round "-"]
[White "Allan Sedstrem"]
[Black "mattkirk78"]
[Result "*"]
[WhiteCountry "SCO"]
[BlackCountry "ENG"]
[WhiteElo "1529"]
[WhiteRD "63"]
[BlackElo "2206"]
[BlackRD "98"]
[GameID "749840"]

1. d4 d5 2. c4 e6 3. a3 Nf6 4. Nc3 Be7 5. e3 O-O 6. Nf3 b6 7. Bd3 Bb7 8. c5 bxc5 9. Qb3 Qc8 10. dxc5 Nbd7
11. Qc2 Nxc5 12. Be2 a5 13. O-O Ba6 14. Ne5
*

[Event "SCCA Championship 2025"]
[Site "SchemingMind.com"]
[Date "2024.12.20"]
[Round "-"]
[White "TigerFeet"]
[Black "mattkirk78"]
[Result "*"]
[WhiteCountry "ENG"]
[BlackCountry "ENG"]
[WhiteElo "2115"]
[WhiteRD "90"]
[BlackElo "2206"]
[BlackRD "98"]
[GameID "749841"]

1. d4 d5 2. Nf3 Nf6 3. e3 e6 4. Bd3 c5 5. b3 Nc6 6. Bb2 Bd6 7. O-O O-O 8. Nbd2 Qe7 9. a3 b6 10. Ne5 Bb7
11. f4 Rac8 12. Qf3 h6 13. Qg3 Rfd8 14. dxc5 bxc5 15. Rae1 Bc7 16. Ng4 Nxg4 17. Qxg4 f5 18. Qh3 Ba5 19. Re2 Bxd2 20. Rxd2 c4
21. bxc4 dxc4 22. Bxf5 exf5 23. Rfd1 Rxd2 24. Rxd2 c3 25. Bxc3
*